| 000 -LEADER |
| fixed length control field |
00718nam a22001817a 4500 |
| 005 - DATE AND TIME OF LATEST TRANSACTION |
| control field |
20240426124214.0 |
| 008 - FIXED-LENGTH DATA ELEMENTS--GENERAL INFORMATION |
| fixed length control field |
240426s2008 enk||||| |||| 00| 0 eng d |
| 020 ## - INTERNATIONAL STANDARD BOOK NUMBER |
| International Standard Book Number |
9780071476911x |
| 041 ## - LANGUAGE CODE |
| Language code of text/sound track or separate title |
eng |
| 080 ## - UNIVERSAL DECIMAL CLASSIFICATION NUMBER |
| Universal Decimal Classification number |
616.4 H-30 |
| 245 ## - TITLE STATEMENT |
| Title |
Harrison's Principles of Internal Medicine: |
| Remainder of title |
Volume 1 / |
| Statement of responsibility, etc. |
Editor Fauci, A. , Eugene Braunwald, Dennis Kasper, Stephen Hauser, Dan Longo, J. Jameson, Joseph Loscalzo. |
| 250 ## - EDITION STATEMENT |
| Edition statement |
17th Edition |
| 264 ## - PRODUCTION, PUBLICATION, DISTRIBUTION, MANUFACTURE, AND COPYRIGHT NOTICE |
| Place of production, publication, distribution, manufacture |
New York : |
| Name of producer, publisher, distributor, manufacturer |
McGraw-Hill, |
| Date of production, publication, distribution, manufacture, or copyright notice |
2008. |
| 300 ## - PHYSICAL DESCRIPTION |
| Extent |
1364 p. : |
| Other physical details |
ill.; |
| Dimensions |
28 cm. |
| 653 ## - INDEX TERM--UNCONTROLLED |
| keyword |
სინაგანი ორგანოების მედიცინა |
| 700 ## - ADDED ENTRY--PERSONAL NAME |
| Personal name |
Fauci, Anthony |
| Relator term |
რედაქტორი |
| 9 (RLIN) |
19530 |
| 942 ## - ADDED ENTRY ELEMENTS (KOHA) |
| Source of classification or shelving scheme |
|
| Koha item type |
წიგნი |